Pendidikan Islam di Malaysia

Bibliographic Details
Other Authors: Ismail Abd. Rahman
Format: Book
Published: Bangi : UKM , 1993
Subjects:

MARC

LEADER 00000cam a2200000 7i4500
001 0000003149
002 000003405
005 20000330.0
020 |a 9679422399 
090 0 0 |a 297.709595   |b PEN 
245 0 0 |a Pendidikan Islam di Malaysia   |c disunting oleh Ismail Ab.Rahman 
260 |a Bangi :   |b UKM ,   |c 1993 
300 |a 260p. ;   |c 25cm. 
650 0 0 |a Islamic education   |z Malaysia   |x Congresses 
700 0 |a Ismail Abd. Rahman   |f Haji 
999 |a 034709   |b BUKU   |c MALAYSIANA   |e PERPUSTAKAAN KOMUNITI PETALING JAYA 
999 |a 036740   |b BUKU   |c PINJAMAN   |e PERPUSTAKAAN KOMUNITI PETALING JAYA